000 01076nam a2200241Ia 4500
003 OSt
005 20200917182157.0
008 191128s2017 ck ao gr 000 0dspa d
020 _a9789585425361
040 _aCO-JMCR
_cCO-JMCR
041 0 _aspa
082 0 4 _a796.609861 /
_bS586l
_223
100 1 _aSilva Guzmán, Mauricio,
_eautor
_910436
245 1 3 _aLa leyenda de los escarabajos :
_b100 grandes momentos del ciclismo colombiano /
_cMauricio Silva Guzman
250 _aPrimera edición
260 _aBogotá :
_bAguilar,
_c2017
300 _a257 páginas :
_bfotografías a blanco y negro ;
_c25 cm.
500 _aIncluye datos biográficos del autor.
520 3 _aEn Colombia hay dos tipos de escarabajos: los más de setenta y cinco mil coleópteros, y los pedalistas silentes, disciplinados, valientes, combativos y amos de las montañas, cuyas virtudes los han convertido en deportistas de talla mundial.
650 1 4 _aCiclismo
_xhistoria
_ySiglos XX-XXI
_zColombia
_910437
650 1 4 _aCiclistas
_xhistoria
_ySiglos XX-XXI
_zColombia
_910438
942 _2ddc
_cBK
999 _c4030
_d4030